000 00369 a2200169 4500
001 177540
020 _a85-262-2861-7
040 _cMagnum
100 _aMoraes, Antonieta Dias de
240 1 0 _aAonde vai, serelepe?
_lpor
245 1 0 _aAonde vai, serelepe?
300 _a23
362 0 _a1996
440 1 _aScipione
697 _aLITERATURA INFANTO
942 _cBK
999 _c177540
_d177540